01395nam a2200325 i 4500003000900000005001700009008004100026017001400067040004600081041000800127082002900135092000700164099004400171100005200215245015500267250005700422264007800479300003000557336002200587337002400609338003300633546004100666650007100707651001000778856005700788905000700845942001900852999001700871952018100888EG-GICUC20260121101532.0251222s2003 ua ||||fr|||| 00| 0 ara d a200110505 a EG-GICUCbarac EG-GICUCd EG-GICUCerda0 aara04221a345.4571bج ل . ت04221 aLaw1 07 345.4571 ج ل . ت 2 ed - 20030 aجلال أحمد الأدغمeمؤلف.12aالتأديب :b (فى ضوء قضاء محكمتي الطعن (النقض، الإدارية العليا /cجلال أحمد الأدغم aالطبعة الثانيةbمزيدة ومنقحة 1aالاسكندرية :bالمكتب الجامعى الحديث،c2003. a495 ؛ صفحةc24 سم. 2rda contentatext 2rda mediaaComputer 2rda carrieraOnline Resource aالنص باللغة العربية14aالدعوي التأديبيةxالقانون الإداري1 2qrmak40uhttps://fll.law.cu.edu.eg/fulltext/bks/B07-01686.pdf a75 2ddccBKe21n0 c52165d52165 00102ddc40718القانون الإداريaCUbLAW1d2025-12-22l0oLaw1 07 345.4571 ج ل . ت 2 ed - 2003 0701686 C1pB07-01686r2025-12-22 16:48:34t1w2025-12-22yBK